000 00847nam a22002537a 4500
005 20240305165405.0
007 cr|||| ||||
008 130225e2012 mx |||||s|||| 00||0 spa d
020 _a978-607-762-134-8
035 _a7127
040 _avLex
090 _c3756
_d3756
100 1 0 _aRojas Cataño, María de Lourdes
245 1 0 _aFundamentos de análisis de estados financieros
_bLibro del profesor
_h[Recurso electrónico]
256 _aServicio en línea
260 _aMéxico D.F. :
_bInstituto Mexicano de Contadores Públicos,
_c2012
300 _a1 Recurso electrónico
650 0 4 _aContabilidad
_zMéxico
650 0 4 _aEmpresa
_zMéxico
650 0 4 _aAdministración (Management)
_zMéxico
740 _avLex Libros (Servicio en línea)
856 _aAcceso restringido
_uhttp://www.vlex.com/source/7127
942 _cRAA
999 _c162138
_d162138